000 00332nam a22001337a 4500
020 _qHB.
040 _cFIZZA ISHAQ
082 _a551.8
_bMIZ
100 _aMIZUTANI,
_990686
245 _aGEOLOGICAL STRUCTURES (Texts in earth sciences) /
_cMIZUTANI.
260 _bJOHN WILEY & SON,
_c1984.
300 _a309 P. ;
942 _2ddc
_cBK
999 _c588893
_d588893